| 000 | 00570nam a22001815i 4500 | ||
|---|---|---|---|
| 001 | 160463 | ||
| 003 | ES-MaACL | ||
| 005 | 20230906212037.0 | ||
| 008 | 040818s1871 gw |||| | eng d | ||
| 040 |
_aCAM _bspa _cCAM |
||
| 245 | 0 | 0 | _aMy little lady. |
| 260 |
_aLeipzig : _bBernhard Tauchnitz, _c1871. |
||
| 300 |
_a2 v. (302; 302 p.) ; _c16 cm. |
||
| 490 | 1 |
_aCollection of british authours ; _v1148; 1149 |
|
| 830 | 0 |
_aCollection of british authours ; _v1148; 1149 _9188131 |
|
| 852 |
_aES-MaACL _jG-13077 _z-- Enc. hol. _z-- 2 t. en 1 v. |
||
| 999 |
_c160463 _d160463 |
||